| 000 | 00815nam a2200217 i 4500 | ||
|---|---|---|---|
| 001 | 22260 | ||
| 003 | ES-MaACL | ||
| 005 | 20230906152647.0 | ||
| 007 | t| | ||
| 008 | 021202s1951 sp ||||1| spa d | ||
| 100 | 1 |
_aAlía Medina, Manuel. _919916 |
|
| 245 | 1 | 0 |
_aDatos geomorfológicos de la Guinea Continental española / _cManuel Alía Medina. |
| 260 |
_aMadrid : _bInstituto de Estudios Africanos, _c1951. |
||
| 300 |
_a63 p. 9 lám. ; _c24 cm. |
||
| 500 | _aPrecede al tít.: Consejo Superior de Investigaciones Científicas. | ||
| 650 | 4 |
_aGeología- _zGuinea Ecuatorial. _9165286 |
|
| 650 | 4 |
_aGeomorfología- _zGuinea Ecuatorial. _9165287 |
|
| 710 | 2 |
_aConsejo Superior de Investigaciones Científicas (España) _93236 |
|
| 710 | 2 |
_aInstituto de Estudios Africanos. _94881 |
|
| 852 |
_aES-MaACL _j1927-F-16 |
||
| 999 |
_c22260 _d22260 |
||